Psalm 23 : (Record no. 4927)

MARC details
000 -LEADER
fixed length control field 00974cam a2200265 a 4500
001 - CONTROL NUMBER
control field 3485908
003 - CONTROL NUMBER IDENTIFIER
control field GBCCL
005 - DATE AND TIME OF LATEST TRANSACTION
control field 20241126110529.0
008 - FIXED-LENGTH DATA ELEMENTS--GENERAL INFORMATION
fixed length control field 940301s1994 miu b 000 0 eng
010 ## -
-- 94009196
020 ## - INTERNATIONAL STANDARD BOOK NUMBER
International Standard Book Number 0929239865 :
Terms of availability $7.99
040 ## - CATALOGING SOURCE
Original cataloging agency DLC
Transcribing agency DLC
Modifying agency DLC
050 00 -
-- BS1450 23rd
-- .R66 1994
082 00 - DEWEY DECIMAL CLASSIFICATION NUMBER
Classification number 223.206
Edition information 20
Item number ROP
100 1# - MAIN ENTRY--PERSONAL NAME
Personal name Roper, David,
Dates associated with a name 1933-
9 (RLIN) 8942
245 10 - TITLE STATEMENT
Title Psalm 23 :
Remainder of title the song of a passionate heart : hope and rest from the shepherd /
Statement of responsibility, etc. David Roper.
260 ## - PUBLICATION, DISTRIBUTION, ETC.
Place of publication, distribution, etc. Grand Rapids, MI :
Name of publisher, distributor, etc. Discovery House,
Date of publication, distribution, etc. c1994.
300 ## - PHYSICAL DESCRIPTION
Extent 162 p. ;
Dimensions 18 cm.
630 00 - SUBJECT ADDED ENTRY--UNIFORM TITLE
Uniform title Bible.
Name of part/section of a work Psalms, XXIII
General subdivision Meditations.
9 (RLIN) 8943
740 0# -
-- Psalm twenty-third.
856 42 - ELECTRONIC LOCATION AND ACCESS
Materials specified Publisher description
Uniform Resource Identifier <a href="http://www.loc.gov/catdir/enhancements/fy0907/94009196-d.html">http://www.loc.gov/catdir/enhancements/fy0907/94009196-d.html</a>
906 ## - LOCAL DATA ELEMENT F, LDF (RLIN)
a 7
b cbc
c orignew
d 1
e ocip
f 19
g y-gencatlg
942 ## - ADDED ENTRY ELEMENTS (KOHA)
Source of classification or shelving scheme Dewey Decimal Classification
Koha item type Books
Holdings
Withdrawn status Lost status Source of classification or shelving scheme Damaged status Not for loan Home library Current Library Shelving location Date acquired Total checkouts Full call number Barcode Date last seen Copy number Price effective from Koha item type
    Dewey Decimal Classification     GRACE BIBLE COLLEGE GRACE BIBLE COLLEGE Biblical Studies 2018-02-15   223.206 ROP 008690 2025-05-01 c.1 2018-02-15 Books
© Grace Bible College Library 2025